| 000 | 02870nam0a2200421 4500 | ||
|---|---|---|---|
| 001 | RU\NLR\BIBL_A\012442328 | ||
| 005 | 20210219141831.0 | ||
| 010 |
_a978-5-7389-3114-7 _9100 |
||
| 021 |
_aRU _bКН-П-20-058883 _9КН-П-20-4404 |
||
| 035 | _a(NLR Aleph) 012442328 | ||
| 035 | _a(RuMoRGB)010433633 | ||
| 090 |
_a11931759 _c11931759 |
||
| 100 | _a20210128d2020 k y0rusy50 ca | ||
| 101 | 0 |
_arus _aeng _ager _achi _deng |
|
| 102 | _aRU | ||
| 105 | _aa z 100zy | ||
| 181 | 0 |
_ai _baxxe |
|
| 182 | 0 | _an | |
| 200 | 1 |
_aЯзык и культура: вопросы современной филологии и методики обучения языкам в вузе _eматериалы VII Всероссийской научно-практической конференции с международным участием _fМинистерство науки и высшего образования Российской Федерации, Федеральное государственное бюджетное образовательное учреждение высшего образования "Тихоокеанский государственный университет" _g[редакционная коллегия: И. Ф. Уманец, кандидат социологических наук, доцент, ответственный редактор и др.] |
|
| 203 |
_aТекст _bвизуальный _cнепосредственный |
||
| 210 |
_aХабаровск _cИзд-во ТОГУ _d2020 |
||
| 215 |
_a461, [1] с. _cил., табл. _d21 |
||
| 300 | _aТекст рус., англ., нем., кит. | ||
| 320 | _aБиблиогр. в конце ст. | ||
| 606 | 1 |
_aИностранные языки _xПреподавание _xВысшая школа _jСъезды, совещания и т.п _2nlr_sh2 _3RU\NLR\AUTH\661291992 |
|
| 606 | 1 |
_aФилология _jСъезды, совещания и т.п _2nlr_sh2 _3RU\NLR\AUTH\6619068 |
|
| 686 | 1 | _aЧ486.17(2Р)я431 | |
| 686 | 1 | _aШ.я431 | |
| 702 | 1 |
_aУманец _bИ. Ф. _gИрина Фаритовна _4340 |
|
| 711 | 1 | 2 |
_a"Язык и культура: вопросы современной филологии и методики обучения языкам в вузе", всероссийская научно-практическая конференция с международным участием _d7 _f2020 _eХабаровск _3RU\NLR\AUTH\880535271 |
| 712 | 0 | 2 |
_aТихоокеанский государственный университет _cХабаровск _3RU\NLR\AUTH\8810082380 _4475 |
| 942 | _cBOOK | ||
| 980 | _aNBR | ||
| 980 | _aNB | ||